000
00313nas a2200145 a 4500
001
73167
003
147443
005
20201118111113.0
008
||||||n9999 ||| || ||
245
0
_a
Nueva Frontera - No.399
260
_c
1982.
562
_e
0
773
_0
16068
_a
Nueva Frontera
942
_c
SISS
999
_c
73167
_d
73167